000 00796nam a2200181 a 4500
008 160831s2015 ||||||||||||||||| || u
050 _aCBU-PG THESIS/CHI
100 _aChikandila, Mirriam Muyembe
245 1 0 _aAssessing the relationship between emotional intelligence of managers and employee performance: a case of ZESCO Limited
_cby Mirriam Muyembe Chikandila
260 _aKitwe:
_bCopperbelt University
_c2015
300 _axii, 93p.: ill.
500 _aIncludes References
650 _aOFFICE MANAGEMENT
650 _aSUPERVISION OF EMPLOYEES
650 _aCOMMUNICATION IN PERSONNEL MANAGEMENT
650 _aCOMMUNICATION IN ORGANIZATIONS
995 _FCBU-MAIN LIBRARY (Kitwe)
_M1
_UAVAILABLE
_WAug 31, 2016
_ZUniversity Collection
999 _c34991
_d34991